| 000 | 00337nam a2200109Ia 4500 | ||
|---|---|---|---|
| 008 | 171211s9999 xx 000 0 und d | ||
| 245 | _aComplete Guide To Sparkle Web Designing Application | ||
| 245 | _cSourjya Brata Dutt | ||
| 260 | _c2015 | ||
| 650 | _xWeb Development | ||
| 856 | _uhttp://down.ebook777.com/016/1491949309Development.pdf | ||
| 999 |
_c350042 _d350042 |
||